Special report on plant hire (Record no. 73827)
[ view plain ]
| 000 -LEADER | |
|---|---|
| fixed length control field | 01045cam a2200217 4500 |
| 001 - CONTROL NUMBER | |
| control field | ABS67221 |
| 008 - FIXED-LENGTH DATA ELEMENTS--GENERAL INFORMATION | |
| fixed length control field | 031121n2003 000 0 eng u |
| 035 ## - SYSTEM CONTROL NUMBER | |
| System control number | (Sirsi) u124424 |
| 100 ## - MAIN ENTRY--PERSONAL NAME | |
| Personal name | Howard, P. |
| 245 ## - TITLE STATEMENT | |
| Title | Special report on plant hire |
| 260 ## - PUBLICATION, DISTRIBUTION, ETC. | |
| Date of publication, distribution, etc. | 2003 |
| 490 ## - SERIES STATEMENT | |
| Series statement | Contract Journal |
| Volume/sequential designation | 420(6449) 22 October 2003, 13-35(16) |
| 520 ## - SUMMARY, ETC. | |
| Summary, etc. | A series of articles deal with issues related to plant hire. "Full service ahead" looks at whether service rather than consolidation is the answer to low hire rate and thin margins; "The key to success" reviews the progress of one particular family firm Keyway; "Flying high" examines the effect of a recent important takeover in the sector; "Under starters orders" is an overview of test runs of a selection of tippers; "Making a comeback" looks at the return of the Volvo truck in the tipper truck market. |
| 590 ## - LOCAL NOTE (RLIN) | |
| Local note | ABS |
| 650 ## - SUBJECT ADDED ENTRY--TOPICAL TERM | |
| Topical term or geographic name entry element | PLANT AND MACHINERY |
| 650 ## - SUBJECT ADDED ENTRY--TOPICAL TERM | |
| Topical term or geographic name entry element | PLANT HIRE |
| 690 ## - LOCAL SUBJECT ADDED ENTRY--TOPICAL TERM (OCLC, RLIN) | |
| Topical term or geographic name as entry element | Block management |
| 9 (RLIN) | 6220 |
| 700 ## - ADDED ENTRY--PERSONAL NAME | |
| Personal name | Ashcroft, G. |
| 700 ## - ADDED ENTRY--PERSONAL NAME | |
| Personal name | Sowman, C. |
| 942 ## - ADDED ENTRY ELEMENTS (KOHA) | |
| Suppress in OPAC | 0 |
| Withdrawn status | Lost status | Source of classification or shelving scheme | Damaged status | Not for loan | Home library | Current library | Shelving location | Date acquired | Total Checkouts | Full call number | Barcode | Date last seen | Copy number | Price effective from | Koha item type |
|---|---|---|---|---|---|---|---|---|---|---|---|---|---|---|---|
| Dewey Decimal Classification | London | London | Journal article | 21/11/2003 | ABS67221 | 124424-1001 | 06/08/2019 | 1 | 06/08/2019 | Journal article |